Agricultural sociology: a study of sociological aspects of American farm life (Record no. 418415)

000 -LEADER
fixed length control field 00444cam a22001337a 4500
008 - FIXED-LENGTH DATA ELEMENTS--GENERAL INFORMATION
fixed length control field 180718b1962 xxu||||| |||| 00| 0 eng d
082 ## - DEWEY DECIMAL CLASSIFICATION NUMBER
Classification number B135x73 Sl53
100 ## - MAIN ENTRY--PERSONAL NAME
Personal name Slocum, Walter L.
245 ## - TITLE STATEMENT
Title Agricultural sociology: a study of sociological aspects of American farm life
Statement of responsibility, etc. by Walter L. Slocum
260 ## - PUBLICATION, DISTRIBUTION, ETC.
Place of publication, distribution, etc. New York
Name of publisher, distributor, etc. Harper & Brothers
Date of publication, distribution, etc. 1962
300 ## - PHYSICAL DESCRIPTION
Extent x, 532p
650 ## - SUBJECT ADDED ENTRY--TOPICAL TERM
Topical term or geographic name entry element United States --Rural conditions.
650 ## - SUBJECT ADDED ENTRY--TOPICAL TERM
Topical term or geographic name entry element Sociology, Rural
Holdings
Withdrawn status Lost status Damaged status Not for loan Permanent Location Current Location Date acquired Full call number Barcode Date last seen Price effective from Koha item type
        Indian Institute of Public Administration Indian Institute of Public Administration 2009-06-17 B135x73 Sl53 30233 2018-07-21 2018-07-21 Book

Powered by Koha